[Event "EU-chT Seniors 50"]
[Site "Novi Sad"]
[Date "2017.07.02"]
[Round "8.4"]
[White "David, Anton"]
[Black "Bellia, Fabrizio"]
[Result "0-1"]
[WhiteElo "1769"]
[BlackElo "2432"]
[PlyCount "96"]
[EventDate "2017.06.25"]
[EventType "team-tourn"]
[EventRounds "9"]
[EventCountry "SRB"]
[SourceTitle "CBM 179 Extra"]
[Source "ChessBase"]
[SourceDate "2017.08.23"]
[SourceVersion "1"]
[SourceVersionDate "2017.08.23"]
[SourceQuality "1"]
[WhiteTeam "Denmark 50"]
[BlackTeam "Italy 50"]
[WhiteTeamCountry "DEN"]
[BlackTeamCountry "ITA"]

1. d4 Nf6 2. c4 e6 3. Nc3 Bb4 4. Qb3 c5 5. dxc5 Na6 6. Bd2 0-0 7. Nf3 Bxc5 8. e3 b6 9. Be2 Bb7 10. a3 Be7 11. Rd1 Nc5 12. Qc2 Rc8 13. 0-0 Qc7 14. Nb5 Qb8 15. Bc3 Nce4 16. Be5 d6 17. Bg3 a6 18. Nbd4 Nxg3 19. hxg3 b5 20. Qb3 bxc4 21. Bxc4 d5 22. Bd3 g6 23. Rc1 Bd6 24. Ne2 e5 25. Bb1 Qa7 26. Nc3 Bc6 27. Rcd1 Rfd8 28. Rfe1 a5 29. Rd2 Bb8 30. Red1 Rd7 31. Ne2 a4 32. Qb4 Kg7 33. Nc3 h5 34. Ba2 Qa8 35. Qh4 Ng4 36. Nh2 Nf6 37. g4 hxg4 38. Nxg4 Nxg4 39. Qxg4 Rcd8 40. Bb1 Qa7 41. Bc2 d4 42. exd4 exd4 43. Ne2 Qc7 44. Rxd4 Qh2+ 45. Kf1 Qh1+ 46. Ng1 Rxd4 47. Rxd4 Bb5+ 48. Rc4 Bh2 0-1

[Event "WchT Seniors 50"]
[Site "Radebeul"]
[Date "2016.07.02"]
[Round "7.23"]
[White "David, Anton"]
[Black "Serjmyadag, Damdin"]
[Result "1/2-1/2"]
[WhiteElo "1772"]
[BlackElo "1949"]
[PlyCount "51"]
[EventDate "2016.06.26"]
[EventType "team-swiss"]
[EventRounds "9"]
[EventCountry "GER"]
[SourceTitle "CBM 173 Extra"]
[Source "ChessBase"]
[SourceDate "2016.08.29"]
[SourceVersion "1"]
[SourceVersionDate "2016.08.29"]
[SourceQuality "1"]
[WhiteTeam "Copenhagen 68"]
[BlackTeam "Mongolia (Women)"]
[WhiteTeamCountry "DEN"]
[BlackTeamCountry "MGL"]

1. d4 Nf6 2. c4 g6 3. Nc3 Bg7 4. e4 d6 5. Be2 Nc6 6. Nf3 e5 7. d5 Ne7 8. b4 0-0 9. 0-0 Ne8 10. Rb1 Kh8 11. c5 f5 12. Ng5 f4 13. Ne6 Bxe6 14. dxe6 Nc6 15. f3 Qe7 16. cxd6 cxd6 17. Bc4 a6 18. a4 Rc8 19. Nd5 Qd8 20. b5 Ne7 21. Qb3 Nxd5 22. Bxd5 Qb6+ 23. Kh1 a5 24. Ba3 Bf6 25. Rbc1 Ng7 26. Rcd1 1/2-1/2